| 000 | 00863nam a2200229 i 4500 | ||
|---|---|---|---|
| 001 | 116534 | ||
| 003 | ES-MaACL | ||
| 005 | 20250905131628.0 | ||
| 007 | t| | ||
| 008 | 061121s1946 sp r ||||1| spa d | ||
| 100 | 1 |
_aParsons, John H. _989286 |
|
| 245 | 1 | 0 |
_aEnfermedades de los ojos / _cJohn H. Parsons ; revisado con la colaboración de H. B. Stallard : traducción española de la 13 edición inglesa por Luis Mier Jadraque ; prólogo del prof. B. Carreras Durán. |
| 250 | _a1ª ed. | ||
| 260 |
_aMadrid : _bEdiciones Morata, _c1946. |
||
| 300 |
_aXVI, 843 p. con 21 láms en col. ; _c26 cm. |
||
| 650 | 4 |
_aOjos- _xEnfermedades. _9139434 |
|
| 700 | 1 |
_aStallard, H. B. _9107866 |
|
| 700 | 1 |
_aMier Jadraque, Luis. _980969 |
|
| 700 | 1 |
_aCarreras Durán, Buenaventura, _d1886-1971 _935672 |
|
| 852 |
_aES-MaACL _jE-28 _bR.21715 |
||
| 999 |
_c116534 _d116534 |
||